[Event "DEM U12/U12w 2014"]
[Site "Magdeburg GER"]
[Date "2014.06.12"]
[Round "8"]
[White "Svane, Freja"]
[Black "Kemke, Annabelle"]
[Result "1-0"]
[Termination "normal"]
[Board "47"]
[WhiteElo "1031"]
[BlackElo "855"]
[PlyCount "83"]
[WhiteFideId "12940100"]
[BlackFideId "12991821"]
[EventCountry "GER"]
[EventRounds "11"]
[EventType "swiss"]
[EventDate "2014.06.07"]

1. d4 d5 2. c4 c6 3. Nc3 Nf6 4. Bg5 dxc4 5. e3 b5 6. a4 Bd7 7. Nf3 b4 8. Na2 b3
9. Nc3 Be6 10. Ne5 g6 11. Bxc4 Bxc4 12. Nxc4 Bg7 13. Qxb3 Nd5 14. O-O O-O 15.
Ne4 Nd7 16. Qa3 f6 17. Bh4 h6 18. h3 f5 19. Nc5 Nxc5 20. Qxc5 g5 21. Bg3 Qd7
22. Be5 Nf6 23. Rac1 Nh5 24. Rfd1 e6 25. Bd6 Rfe8 26. Be5 f4 27. e4 Rf8 28. Bd6
Rf7 29. f3 Ng3 30. Kf2 Rf6 31. Be5 Rg6 32. Bxg7 Rxg7 33. Ne5 Qe8 34. Ng4 h5 35.
Nf6+ Kf7 36. Nxe8 Rxe8 37. Qxc6 Rgg8 38. Qd7+ Kf6 39. Rc7 Re7 40. Qxe7+ Kg6 41.
Qf7+ Kh6 42. Qh7# 1-0